000 00518nam a22001817a 4500
005 20220803100323.0
008 220802b ||||| |||| 00| 0 eng d
040 _cAL
041 _aEnglish
082 _223
_a894.814109
_bSAJC
100 _aG B Sajjan
_954543
245 _aCommentaries on Selected Vachanas of Siddharameshwara
260 _aBijapur
_bShri Siddheshwar Samsthe
_c1998
300 _a138 p.
_bPB
_c17x12 cm.
650 _aSelected Vachanas
_954544
700 _aSAJJAN (G B)
_954545
942 _2ddc
_cGF
999 _c224382
_d224382